书目信息 |
| 题名: |
网络视频技术及应用
|
|
| 作者: | 詹青龙 主编 | |
| 分册: | ||
| 出版信息: | 西安 西安电子科技大学社 2004.01 |
|
| 页数: | 314页 | |
| 开本: | 26cm | |
| 丛书名: | ||
| 单 册: | ||
| 中图分类: | TP37 | |
| 科图分类: | ||
| 主题词: | 计算机网络--多媒体技术--高等学校--教材 | |
| 电子资源: | ||
| ISBN: | 7-5606-1322-5 | |
| 000 | 01111nam0 2200265 45 | |
| 001 | 012004016523 | |
| 005 | 20040921090840.0 | |
| 010 | @a7-5606-1322-5@dCNY21.00 | |
| 100 | @a20041027d2004 em y0chiy50 ea | |
| 101 | 0 | @achi |
| 102 | @aCN@b610000 | |
| 105 | @af j 000yy | |
| 200 | 1 | @a网络视频技术及应用@Awang luo shi pin ji shu ji ying yong@dTechnology of Web-Video and Application@f詹青龙主编@Fzhan qing long zhu bian@zeng |
| 210 | @a西安@c西安电子科技大学社@d2004.01 | |
| 215 | @a314页@c图@d26cm | |
| 300 | @a面向21世纪高等学校计算机类专业系列教材 | |
| 330 | @a本书主要内容包括:网络视频的基本特点、工作方法、网络视频系统的组成,以及网络视频涉及到的关键技术等。 | |
| 333 | @a适合作为高等学校计算机专业、新闻学专业及相关专业本、专科学生的教材,也可作为网络视频技术培训班的培训教材,还可作为网站技术人员及网络视频爱好者的参考书。 | |
| 510 | 1 | @aTechnology of Web-Video and Application@zeng |
| 606 | 0 | @a计算机网络@x多媒体技术@x高等学校@j教材 |
| 690 | @aTP37@v4 | |
| 701 | 0 | @a詹青龙@Azhan qing long@4主编 |
| 801 | 0 | @aCN@bBZT@c20041027 |
| 905 | @aBZT@dTP37@e1@f6 | |
| 906 | @dCNY21.00@n0@r1 | |
| 网络视频技术及应用=Technology of Web-Video and Application/詹青龙主编.-西安:西安电子科技大学社,2004.01 |
| 314页:图;26cm |
| 面向21世纪高等学校计算机类专业系列教材.-使用对象:适合作为高等学校计算机专业、新闻学专业及相关专业本、专科学生的教材,也可作为网络视频技术培训班的培训教材,还可作为网站技术人员及网络视频爱好者的参考书。 |
| ISBN 7-5606-1322-5:CNY21.00 |
| 本书主要内容包括:网络视频的基本特点、工作方法、网络视频系统的组成,以及网络视频涉及到的关键技术等。 |
| ● |
| 相关链接 |
|
|
|
正题名:网络视频技术及应用
索取号:TP37/1
 
预约/预借
| 序号 | 登录号 | 条形码 | 馆藏地/架位号 | 状态 | 备注 |
| 1 | 0372023 | 201293821 | 中心书库中库/ 中库027架A面6列1层10/ [索取号:TP37/1] | 在馆 | |
| 2 | 0372025 | 201293812 | 中心书库中库/ 中库027架A面6列1层12/ [索取号:TP37/1] | 在馆 | |
| 3 | 0372026 | 201293803 | 中心书库中库/ 中库027架A面6列1层13/ [索取号:TP37/1] | 在馆 | |
| 4 | 0372027 | 201293796 | 中心书库中库/ 中库027架A面6列1层11/ [索取号:TP37/1] | 在馆 | |
| 5 | 2001740410 | 2001740410 | 样本书库/样005架A面1层2列/ [索取号:TP37/1] | 在馆 |